| 000 | 00662nam a22001817a 4500 | ||
|---|---|---|---|
| 999 |
_c63085 _d63085 |
||
| 003 | Ge_BSU | ||
| 005 | 20250530153929.0 | ||
| 008 | 250530s2024 ge ||||| |||| 00| 0 geo d | ||
| 020 | _a9789941118791 | ||
| 041 | _ageo | ||
| 080 | _a94(4) გ-67 | ||
| 100 |
_aგოფი, ჟაკ ლე _925193 |
||
| 245 |
_aევროპის დაბადება / _cჟაკ ლე გოფი; მთარგმნელი თ. ლომიძე. |
||
| 264 |
_aთბილისი : _bდიოგენე, _c2024. |
||
| 300 |
_a390 გვ.; _b20 სმ. |
||
| 700 |
_a ლომიძე, თ. _eმთარგმნელი _925194 |
||
| 942 |
_2udc _cBK |
||